| 000 | 02013cas a2200577 a 4500 | ||
|---|---|---|---|
| 999 |
_c9780 _d9780 |
||
| 001 | 9780 | ||
| 003 | BD-JhCC | ||
| 005 | 20180401081625.0 | ||
| 008 | 180329c19389999iluar1 0 a0eng d | ||
| 022 | _a0068-1156 | ||
| 029 | 1 |
_aNLM _b00110160R |
|
| 035 | _a(OCoLC)00911926 | ||
| 035 |
_a(OCoLC)01537107 _a(BD-JhCC)9780 |
||
| 035 | _a(OCoLC)02660150 | ||
| 035 | _a(OCoLC)03760849 | ||
| 035 | _a(OCoLC)08507732 | ||
| 035 | _a(OCoLC)10373400 | ||
| 035 | _a(OCoLC)37154133 | ||
| 040 |
_aWAL _cWAL _dUCU _dNSD _dDLC _dNSD _dNST _dOCL _dRCS _dHUL _dOCL _dHUL _dOCL _dNST _dHUL _dNST _dHUL _dIUL _dHUL _dNST _dOCL _dIUL _dSYS _dB2Q _dGUA _dNLM _dHUL _dMYG _dBD-JhCC |
||
| 041 | _aeng | ||
| 050 | 0 | 0 |
_aAE5 _b.E364 |
| 060 | 0 | 0 |
_aAE 5 _bE561 |
| 082 | 0 | 0 |
_a030.2 _bBRI 1993 |
| 245 | 0 | 0 | _a1993 Britannica book of the year / |
| 246 | 1 | _aEncyclopaedia Britannica book of the year | |
| 246 | 3 | 0 | _aBook of the year |
| 246 | 1 | 8 | _aBritannica world data annual |
| 260 |
_aChicago : _bEncyclopaedia Britannica, Inc. _c1993. |
||
| 300 |
_av. : _bill. ; _c29 cm. |
||
| 500 | _a"The Britannica book of the year bridges the gap between editions [of the Encyclopaedia Britannica]." | ||
| 500 | _aIssues for 1985-<2000> include: Britannica world data; for <2002-2003> include: World data. | ||
| 500 | _aDescription based on: 1939. | ||
| 500 | _aLatest issue consulted: 2003. | ||
| 504 | _aIncludes bibliographies. | ||
| 515 | _aEach issue covers events of the previous year. | ||
| 650 | 0 | _aEncyclopedias and dictionaries. | |
| 650 | 0 | _aYearbooks. | |
| 650 | 0 |
_aHistory, Modern _y20th century _vPeriodicals. |
|
| 650 | 0 |
_aHistory, Modern _y21st century _vPeriodicals. |
|
| 710 | 2 | _aEncyclopaedia Britannica, inc. | |
| 730 | 0 | _aEncyclopaedia Britannica. | |
| 740 | 0 | 2 | _aBritannica world data. |
| 740 | 0 | 2 | _aWorld data. |
| 740 | 0 | _aYear in review. | |
| 856 | 4 | 1 | _uhttp://www.search.eb.com/browse/year |
| 942 |
_2ddc _cREF |
||